=LDR 00000nam 2200000 4500 =001 INLIS000000000012301 =005 20130612103832 =008 ***********************************Ind** =035 ##$$0010-061300000012301 =041 ##$$a Ind =082 ##$$a 658.81 =090 ##$$a 658.81, Wil m =100 ##$$a Wilson, Michael T =245 ##$$a Manajemen Armada penjualan, Michael T. Wilson ; Penerjemah Bambang Hartono =260 ##$$a 1993 $b Jakarta =300 ##$$a xxiii, 319 hlm., Ilus, 25 cm =650 ##$$a Manajemen Penjualan =700 ##$$a Hartono, Bambang =850 ##$$a NBPNMAT